|
|
|
|
| LEADER |
01187nam a22003497a 4500 |
| 001 |
mzk03001064288 |
| 003 |
CZ BrMZK |
| 005 |
20130521162628.0 |
| 007 |
ta |
| 008 |
080708s1564 fr fr|||||00| ||latod |
| 040 |
|
|
|a BOA001
|b cze
|c BOA001
|
| 072 |
|
7 |
|a 094
|x Staré tisky
|2 Konspekt
|9 12
|
| 080 |
|
|
|a (0.068)094
|2 MRF
|
| 100 |
1 |
|
|a Peletier, Jacques,
|d 1517-1583
|7 kup19980000075386
|4 aut
|
| 245 |
1 |
0 |
|a De conciliatione Locorum Galeni. Sectiones duas. Ad amplissimum Medicorum Parisiensium Ordinem
|
| 260 |
|
|
|a Parisiis :
|b Iac. Macaeus,
|c 1564
|
| 300 |
|
|
|a 40 [spr. 36] listů ;
|c 8°
|
| 500 |
|
|
|a Původní paginace přechází od č. 9 ve foliaci
|
| 500 |
|
|
|a Výzdoba: Signet, vlys, iniciály.
|
| 501 |
|
|
|a Přívazek k: Contradicentium medicorum libri duo
|
| 653 |
|
|
|a Galenus - učení
|
| 653 |
|
|
|a lékařství
|
| 655 |
|
7 |
|a staré tisky
|7 fd422076
|2 czenas
|
| 903 |
|
|
|a RP
|
| 910 |
|
|
|a BOA001
|b ST1-0614.379,1-2,přív.
|
| 978 |
|
|
|b Macé, Jean
|a Paris
|c 1564
|
| 984 |
|
|
|a Paříž
|b Francie
|
| 985 |
|
|
|a 1551-1600
|
| 990 |
|
|
|a BK
|
| 993 |
|
|
|a Y
|
| 991 |
|
|
|k mzk
|
| 994 |
|
|
|a UP
|l MZK03
|b 001064282
|m přívazek
|n záznam 1. díla (pro objednání pokračujte kliknutím)
|